000 00855aam a2200289 i 4500
001 782
003 CO-MdBIC
005 20210918112124.0
008 210918t1977 sp ||||| |||| 00| 0 eng d
020 _a84-7057-218-0
040 _bspa.
_aCO-MdFUSB
_cCO-MdFUSB
_dCO-MdFUSBC
_erda
041 _aspa
082 0 4 _aR 465 M417e
100 1 _aMateos, Juan
245 1 0 _aEstudios de Nuevo Testamento I : el aspecto verbal en el Nuevo Testamento / Juan Mateos
_c/
260 _aMadrid, España : Cristiandad
264 1 _aMadrid, España :
_bEdiciones Cristiandad,
_c[1977]
264 4 _c© 1977
300 _a171 Pág.
_c;
336 _2rdacontent
_atexto
_btxt
337 _2rdamedia
_asin mediación
_bn
338 _2rdacarrier
_avideodisco
_bnc
653 _aEl aspecto verbal
653 _aNuevo testamento
942 _cBK
945 _aEstudiante
999 _c32226
_d32226